تاريخ الكتابة التاريخية / (Record no. 16215)
[ view plain ]
| 000 -الفاتح | |
|---|---|
| حقل البيانات ثابتة الطول | 01168nam a22002297a 4500 |
| 005 - وقت وتاريخ اخر تعامل مع التسجيلة | |
| رقم الضبط | 20111115162824.0 |
| 008 - عناصر البيانات ثابتة الطول - معلومات عامة | |
| حقل البيانات ثابتة الطول | 111115s1984 ua|||||| ||| 00| 0ara d |
| 020 ## - الرقم الدولى المعيارى للكتب | |
| الرقم الدولى المعيارى للكتاب | 9770112380 |
| 082 ## - رقم تصنيف ديوى العشرى | |
| رقم الطبعة | 22 |
| رقم التصنيف | 001.543 |
| رقم المادة | ب ا ر |
| 100 ## - المدخل الرئيسى - إسم شخصى | |
| 9 (RLIN) | 27759 |
| الإسم الشخصى | بارنز، هاري المر. |
| 245 ## - بيان العنوان | |
| العنوان | تاريخ الكتابة التاريخية / |
| بيان المسئوليه,etc | تاليف هارى المر بارنز ؛ ترجمة محمد عبد الرحمن برج ؛ مراجعة سعيد عبد الفتاح عاشور. |
| 260 ## - PUBLICATION, DISTRIBUTION, ETC. (IMPRINT) | |
| مكان الناشر او الموزع | القاهرة : |
| اسم الناشر او الموزع | الهيئة المصرية العامة للكتاب، |
| تاريخ النشر أو التوزيع | 1984. |
| 300 ## - الوصف المادى | |
| التعداد | 267 ص. ؛ |
| أبعاد الوعاء | 24 سم. |
| 504 ## - تبصرة ببليوجرافية | |
| تبصرة ببليوجرافية,الخ | يشتمل على ارجاعات ببليوجرافية. |
| 650 ## - المدخل الاضافى بالموضوع-مصطلح موضوعى | |
| 9 (RLIN) | 16098 |
| مصطلح موضوعي أو اسم جغرافي كعنصر مدخل | التاريخ |
| 650 ## - المدخل الاضافى بالموضوع-مصطلح موضوعى | |
| 9 (RLIN) | 27760 |
| مصطلح موضوعي أو اسم جغرافي كعنصر مدخل | التاريخ |
| التقسيم الفرعي العام | تدوين |
| 653 ## - مصطلح تكشيفى غير مقيد | |
| Resource For college | |
| Arrived date list | November2011 |
| 700 ## - المدخل الاضافى - اسم شخصى | |
| 9 (RLIN) | 17619 |
| الإسم الشخصى | برج ، محمد عبد الرحمن |
| الدور | ترجمة |
| 700 ## - المدخل الاضافى - اسم شخصى | |
| 9 (RLIN) | 16009 |
| الإسم الشخصى | عاشور ، سعيد عبد الفتاح |
| الدور | مراجعة |
| 942 ## - عناصر المدخل الإضافي( كوها) | |
| مصدر التصنيف او مخطط الترفيف | Dewey Decimal Classification |
| Koha [default] item type | Book - Borrowing |
| حالة التراجع | حالة الفقد | مصدر التصنيف او خطة الترفيف | حالة تلف | ليس للاعارة | مجموعات كوها | المكان الدائم | المكان الحالي | موقع الترفيف | تاريخ الاكتساب | Source of acquisition | رقم الاستدعاء | الباركود | Date last seen | نوع الوعاء |
|---|---|---|---|---|---|---|---|---|---|---|---|---|---|---|
| Dewey Decimal Classification | Alef-Baa | Central Library | Central Library | Lower Floor | 15/11/2011 | 001.543 ب ا ر | 000025642 | 15/07/2025 | Book - Borrowing |